000 00292nam a2200121Ia 4500
100 _aMachinery yellow back series
942 _cBK
654 _adie design
245 _aPress die design & construction Part 1
260 _bMachinery Publication
_c2001
082 _a621.9
546 _aENGLISH
999 _c35261
_d35261